The Collins paperback thesaurus in A-to-Z form / (Record no. 609888)

000 -LEADER
fixed length control field 00660nam a2200205 a 4500
020 ## - INTERNATIONAL STANDARD BOOK NUMBER
International Standard Book Number 0004330145 (pbk.) :
Terms of availability £2.95
082 00 - DEWEY DECIMAL CLASSIFICATION NUMBER
Classification number 423/.1
245 04 - TITLE STATEMENT
Title The Collins paperback thesaurus in A-to-Z form /
Statement of responsibility, etc. managing editor, William T. McLeod.
260 ## - PUBLICATION, DISTRIBUTION, ETC.
Place of publication, distribution, etc. London :
Name of publisher, distributor, etc. Collins,
Date of publication, distribution, etc. 1990.
300 ## - PHYSICAL DESCRIPTION
Extent viii, 712 p. ;
Dimensions 20 cm.
563 ## - BINDING INFORMATION
Binding note PB
650 #0 - SUBJECT ADDED ENTRY--TOPICAL TERM
Topical term or geographic name entry element English language
700 1# - ADDED ENTRY--PERSONAL NAME
Personal name McLeod, W. T.
942 ## - ADDED ENTRY ELEMENTS (KOHA)
Source of classification or shelving scheme
Koha item type Reference
650 #0 - SUBJECT ADDED ENTRY--TOPICAL TERM
-- 69215
700 1# - ADDED ENTRY--PERSONAL NAME
-- 123820
Holdings
Withdrawn status Lost status Source of classification or shelving scheme Materials specified (bound volume or other part) Damaged status Not for loan Permanent Location Current Location Date acquired Total Checkouts Full call number Barcode Date last seen Price effective from Koha item type
      Donated by Mr. Faizan Mansoor BEE-13 C SEECS 2021     Central Library (CL) Central Library (CL) 06/26/2024   423.1 COL CL-D-2626 06/26/2024 06/26/2024 Reference
© 2023 Central Library, National University of Sciences and Technology. All Rights Reserved.